| 000 | 01084nas a2200337 4500 | ||
|---|---|---|---|
| 001 | BR7700963 | ||
| 003 | BR-BrBNA | ||
| 005 | 20231205083101.0 | ||
| 007 | ta | ||
| 008 | 230509b bl.|||p| |||| 00| 00por d | ||
| 040 |
_aBR-BrBNA _bpor _cBiblioteca Nacional de Agricultura |
||
| 041 | _a(Pt) | ||
| 072 | _aL30 | ||
| 100 | 1 | _aVilela, H. | |
| 100 | 1 | _aSilva, J.F.C. da | |
| 100 | 1 | _aMartins, M.V. | |
| 100 | 1 | _aCarneiro, G.G. | |
| 245 | 1 | _aEfeito do sulfato de sodio e farinha de carne em racao com melaco e ureia, sobre o ganho em peso de novilhos azebuados e meio sangue HxZ em confinamento durante o periodo da seca | |
| 650 | _aNUTRICAO ANIMAL | ||
| 650 | _aNOVILHO | ||
| 650 | _aCONFINAMENTO | ||
| 650 | _aSECA | ||
| 650 | _aMELACO | ||
| 650 | _aUREIA | ||
| 650 | _aPESO | ||
| 650 | _aFARINHA DE CARNE | ||
| 650 | _aSULFATO DE SODIO | ||
| 773 | 0 |
_tArquivos da Escola de Veterinaria da Universidade Federal de Minas Gerais (Brazil) _xISSN 0102-0935 _g(1976), v. 28(3) p. 233-238 _wBR7700963 |
|
| 909 |
_a202311 _bLúcia _c55 _dLúcia Elande |
||
| 942 |
_2AGRIS _n0 _cANA |
||
| 999 |
_c96294 _d96294 |
||